000 00612nam a2200241 a 4500
001 0001-1108
003 ELIB.Books
008 150123 2010 eng
020 _a0817012095
035 _a(ELIB.Books)0001-1263
092 _a262.001
_bYou
100 _aYoung, David S.
245 _aA New Heart and A New Spirit
260 _aVilley Forge
_bJudson Press
_c1994
300 _a107
_c21.5 Cm
500 _aDr. Yahalaylayla
650 _aChurch Renewal
856 _nKBTS; Library
_uKBTS; Elib.
942 _2ddc
_cBK
990 _a1
998 _cbat
_e2015-01-23
999 _c11108
_d11108